Statistics for The Legend of Zelda: Breath of the Wild Foods (Meals)

Click here to take the quiz!

General Stats

  • This quiz has been taken 43 times
  • The average score is 11 of 113

Answer Stats

Main Ingredient(s)Meal% Correct
Apple/SugarApple Pie
48%
MushroomMushroom Skewer
48%
EggOmelet
48%
Carrot/SugarCarrot Cake
41%
Wrong CombinationDubious Food
41%
Meat/SpiceGourmet Spiced Meat Skewer
41%
MeatMeat Skewer
41%
EggHard-Boiled Egg
37%
FishFish Skewer
33%
Monster Part/SugarMonster Cake
30%
Crab/EggCrab Omelet with Rice
26%
FruitSimmered Fruit
26%
Meat/MushroomMeat and Mushroom Skewer
22%
Wood/OreRock-Hard Food
22%
Carrot/MilkCarrot Stew
19%
Vegetable/FlowerFried Wild Greens
19%
Pumpkin/SugarPumpkin Pie
19%
Snail/Porgy/Rice/ButterSeafood Paella
19%
Crab/SnailSeafood Skewer
19%
Spice/RiceCurry Rice
15%
Pumpkin/MilkPumpkin Stew
15%
PepperSpicy Sautèed Peppers
15%
MilkWarm Milk
15%
Vegetable/MilkCream of Vegetable Soup
11%
BananasFried Bananas
11%
Fruit/SugarFruit Pie
11%
Honey/FishGlazed Seafood
11%
Gourmet Meat/SpiceGourmet Meat Curry
11%
Meat/SpiceMeat Curry
11%
Meat/RiceMeaty Rice Balls
11%
Monster Part/SpiceMonster Curry
11%
Monster Part/Meat/FishMonster Stew
11%
Mushroom/Rice/ButterMushroom Risotto
11%
Nut/WheatNutcake
11%
Vegetable/RiceVegetable Rice Balls
11%
Wheat/SaltWheat Bread
11%
4 Different MeatCopious Meat Skewer
7%
4 Different MushroomsCopious Mushroom Skewer
7%
4 Different FruitsCopious Simmered Fruit
7%
CrabCrab Stir-Fry
7%
Mushroom/MilkCream of Mushroom Soup
7%
Fish/MilkCream of Seafood Soup
7%
Egg/Wheat/SugarEgg Tart
7%
Fish/MushroomFish and Mushroom Skewer
7%
Fruit/MushroomFruit and Mushroom Mix
7%
Wildberry/Wheat/SugarFruitcake
7%
Gourmet Meat/RiceGourmet Meat and Rice Bowl
7%
Gourmet Meat/FishGourmet Meat and Seafood Fry
7%
Gourmet Meat/MilkGourmet Meat Stew
7%
Rice/Meat/SaltMeat and Rice Bowl
7%
Meat/FishMeat and Seafood Fry
7%
Wheat/MeatMeat Pie
7%
Monster Part/RiceMonster Rice Balls
7%
Monster Part/MilkMonster Soup
7%
Mushroom/EggMushroom Omelet
7%
Mushroom/RiceMushroom Rice Balls
7%
Prime Meat/SpicePrime Meat Curry
7%
Snail/Porgy/SpiceSeafood Curry
7%
Flower/FruitSteamed Fruit
7%
Flower/MushroomSteamed Mushrooms
7%
Vegetable/EggVegetable Omelet
7%
4 Different FishCopious Fish Skewer
4%
Spice/Rice/EggCurry Pilaf
4%
Egg/Milk/SugarEgg Pudding
4%
HoneyEnergizing Honey Candy
4%
Fish/WheatFish Pie
4%
Rice/EggFried Egg and Rice
4%
Honey/MushroomGlazed Mushrooms
4%
Honey/SugarHoney Crepe
4%
Honey/FruitHoneyed Fruits
4%
Apple/ButterHot Buttered Apple
4%
Meat/MilkMeat Stew
4%
Prime Meat/FishPrime Meat and Seafood Fry
4%
Prime Meat/MilkPrime Meat Stew
4%
Salt/CrabSalt-Grilled Crab
4%
Salt/FishSalt-Grilled Fish
4%
Salt/Gourmet MeatSalt-Grilled Gourmet Meat
4%
Salt/VegetableSalt-Grilled Greens
4%
Salt/Prime MeatSalt-Grilled Prime Meat
4%
Fish/RiceSeafood Rice Balls
4%
Flower/FishSteamed Fish
4%
Flower/MeatSteamed Meat
4%
Wildberry/Milk/SugarWildberry Crepe
4%
4 Different VegetablesCopious Fried Wild Greens
0%
Radish/MilkCream of Heart Soup
0%
Honey/MeatEnergizing Glazed Meat
0%
Apple/HoneyEnergizing Honeyed Apple
0%
Spice/MushroomFragrant Mushroom Sauté
0%
Honey/VegetablesGlazed Veggies
0%
Bird/RiceGourmaet Poultry Pilaf
0%
Bird/SpiceGourmet Poultry Curry
0%
Snail/MilkHearty Clam Chowder
0%
Wheat/SalmonHearty Salmon Mueniére
0%
Flower/SpiceHerb Sauté
0%
Pepper/FishPepper Seafood
0%
Wheat/Butter/EggPlain Crepe
0%
Porgy/WheatPorgy Meunière
0%
Bird/SpicePoultry Curry
0%
Bird/RicePoultry Pilaf
0%
Prime Meat/Spice/RicePrime Meat and Rice Bowl
0%
Bird/SpicePrime Poultry Curry
0%
Bird/RicePrime Poultry Pilaf
0%
Prime Meat/SpicePrime Spiced Meat Skewer
0%
Salmon/RiceSalmon Risotto
0%
Nut/NutSautèed Nuts
0%
Snail/Porgy/RiceSeafood Fried Rice
0%
Fish/Wheat/ButterSeafood Muenière
0%
Spice/MeatSpiced Meat Skewer
0%
Pepper/MeatSpicy Pepper Steak
0%
Pumpkin/MeatTough Meat-Stuffed Pumpkin
0%
Vegetable/MilkVegetable Cream Soup
0%
Pumpkin/SpiceVegetable Curry
0%
Pumpkin/RiceVegetable Risotto
0%

Score Distribution

Percentile by Number Answered

Percent of People with Each Score

Your Score History

You have not taken this quiz